| 000 | 00821nam a22002657a 4500 | ||
|---|---|---|---|
| 003 | UA-OsUOA | ||
| 001 | 49324 | ||
| 007 | ta | ||
| 008 | 20070928b un ||||| |||| 00| 0 ukr d | ||
| 100 | _aПінчук Н.С. | ||
| 700 | _aГалузинський Г. П. | ||
| 700 | _aОрленко Н.С. | ||
| 090 |
_a004.9; 658.9 _bП 32 |
||
| 942 | _cBK | ||
| 040 |
_aUA-OsUOA _bukr _cUA-OsUOA _dUA-OsUOA |
||
| 245 |
_aІнформаційні системи і технології в маркетингу _bНавчально-методичний посібник |
||
| 300 | _a296 с. | ||
| 955 | _a2 | ||
| 041 | _aukr | ||
| 080 | _a004.9; 658.9 | ||
| 020 | _a966-574-274-0 | ||
| 260 |
_aК. _bКНЕУ _c2001 |
||
| 650 | 7 |
_a00 Загальні питання науки і культури _2UDC |
|
| 999 |
_c335429 _d335429 |
||